Normal view
MARC view
- الكيمياء العضوية -المركبات العضويه
Entry Topical Term
001 - CONTROL NUMBER
- control field: 36434
003 - CONTROL NUMBER IDENTIFIER
- control field: JO-AjAnu
005 - DATE AND TIME OF LATEST TRANSACTION
- control field: 20230606080102.0
008 - FIXED-LENGTH DATA ELEMENTS
- fixed length control field: 230606|| aca||aabn | a|a d
040 ## - CATALOGING SOURCE
- Original cataloging agency: JO-AjAnu
- Transcribing agency: JO-AjAnu
150 ## - HEADING--TOPICAL TERM
- Topical term or geographic name entry element: الكيمياء العضوية -المركبات العضويه
670 ## - SOURCE DATA FOUND
- Source citation: Work cat.: (JO-AjAnu)18705: سركيس ، جورج يوناثان/ م. مشارك جاسم محمد الروي, author 36433, تشخيص المركبات العضوية : (الطرق الكيماوية)